• 首页
  • 本馆介绍
  • 公告通知
  • 最新文献
  • 馆藏检索
  • 电子资源
  • 读者导购
  • 参考咨询
  • 我的图书馆
  • 登录
  • 详细信息显示
  • 放入我的书架
  • 预约/预借图书
  • 作者相关作品
  • 分类相关作品
  • 丛书相关作品
  • 出版社相关作品

书目信息

  • 表格格式
  • 工作单格式
  • 卡片格式
题名:
马克思恩格斯生平事业年表
    
 
作者: ;中共中央马、恩、列、斯著作编译局 译
分册:  
出版信息: 北京   人民出版社  1976.08
页数: 566页
开本: 21cm
丛书名:
单 册:
中图分类: A7
科图分类:
主题词: 马克思,K.--年表
电子资源:
ISBN:
000 00638nam0 2200193 45
001 0404211771
005 20060726155624.67
010    @dCNY1.70
091    @a11001.248
100    @a20040421d1976 km y0chiy0120 ea
101 0  @achi
200 1  @a马克思恩格斯生平事业年表@AMa Ke Si En Ge Si Sheng Ping Shi Ye Nian Biao@f中共中央马、恩、列、斯著作编译局译@FZhong Gong Zhong Yang Ma、En、Lie、Si Zhu Zuo Bian Yi Ju Yi
210    @a北京@c人民出版社@d1976.08
215    @a566页@c画像@d21cm
606 0  @a马克思,K.@x年表
690    @aA7@v3
711 02 @a中共中央马、恩、列、斯著作编译局@4译
801    @aCN@bPftUser@c20060726
905    @dA7@f1@b965@e1
    
    马克思恩格斯生平事业年表/中共中央马、恩、列、斯著作编译局译.-北京:人民出版社,1976.08
    566页:画像;21cm
    
    
    ISBN :CNY1.70
    
●
相关链接 在E读中查询图书 在五车中查询图书 在当当中查询图书 在豆瓣中查询图书


正题名:马克思恩格斯生平事业年表     索取号:A7/1         预约/预借

序号 登录号 条形码 馆藏地/架位号 状态 备注
1 0000965   002047029   第一样本阅览室/ [索取号:A7/1] 在馆    
2 0426726   204267266   密集书库/ [索取号:A7/1] 在馆    
唐山师范学院图书馆 欢迎您!
大连网信软件有限公司© 版权所有